00414nam a2200145Ia 4500003000900000008004100009040001600050080001500066100001900081245009100100260003200191300001500223650001300238700001700251IN-BaIIA211028s9999 xx 000 0 eng d cIIA Library a531.3bTIM aTimoshenko, S. 0aAdvanced dynamicscS. Timoshenko and D. H. Young  aNew YorkbMcGraw-Hillc1948 axii, 400p. aDynamics aYoung, D. H.